000 00942nam a2200169 a 4500
008 120416s1988 ||||||||||||||||| || u
050 _aHG 1615.25 Gar
100 _aGardner, Mona J
245 1 0 _aManaging financial institutions
260 _aChicago
_bDryden Press
_c1988
300 _axix, 795p. : ill.
350 _a0.00
995 _aBINDERY (DAMAGED)
_D0.00
_e725526
_FCBU-MAIN LIBRARY (Kitwe)
_H2
_I0.00
_jHG 1615.25 Gar
_M2
_UDAMAGED
_y007692
_ZMain Library Open Access Collection
995 _aBINDERY (DAMAGED)
_D0.00
_e722525
_FCBU-MAIN LIBRARY (Kitwe)
_H4
_I0.00
_jHG 1615.25 Gar
_M1
_UDAMAGED
_y007691
_ZMain Library Open Access Collection
995 _aBINDERY (DAMAGED)
_D0.00
_e725527
_FCBU-MAIN LIBRARY (Kitwe)
_H3
_I0.00
_jHG 1615.25 Gar
_M3
_UDAMAGED
_y019175
_ZMain Library Open Access Collection
995 _aBINDERY (DAMAGED)
_D0.00
_e725528
_FCBU-MAIN LIBRARY (Kitwe)
_H1
_I0.00
_jHG 1615.25 Gar
_M4
_UDAMAGED
_y020514
_ZMain Library Open Access Collection
999 _c82545
_d82545